Wheel of Time places visited by Rand al'Thor - Statistics

General Stats
  • This quiz has been taken 77 times
    50 since last reset
  • The average score is 14 of 34
Answer Stats
Answer % Correct
Caemlyn
92%
Tear
89%
Baerlon
86%
Emond's Field
86%
Tar Valon
86%
Cairhien
81%
Fal Dara
81%
Four Kings
78%
Illian
78%
Rhuidean
76%
Shadar Logoth
73%
Ebou Dar
68%
Falme
68%
Taren Ferry
68%
Whitebridge
65%
Far Madding
62%
Bandar Eban
49%
Maradon
35%
Jarra
11%
Market Sheran
11%
Taien
8%
Arien
5%
Carysford
5%
Atuan's Mill
3%
Breen's Spring
3%
Maerone
3%
Selean
3%
Tremonsien
3%
Eianrod
0%
Fyall
0%
Samaha
0%
Sidon
0%
Tallan
0%
Willar
0%
No matching quizzes found
Score Distribution
Percent of People with Each Score
Percentile by Number Answered
Your Score History
You have not taken this quiz since the last reset